Praha plán města ; Okolí Prahy /

Korporativní autor: Žaket (vydavatelství)
Jazyk: Čeština
Vydáno: Praha : Žaket, 2008
Vydání: 7. vyd.
Témata:
Fyzický popis: 2 mapy na 1 listu : obě strany, barev. ; 66 x 97 cm a 65 x 96 cm, složeno na 24 x 13 cm a vlepeno v papírovém přebalu + rejstřík ulic (23 s. ; 23 cm)
Mapy
Uloženo v:
LEADER 01666nem a2200445 a 4500
001 nkc20081823461
003 CZ PrNK
005 20081118065526.0
007 ad canzn
008 081010s2008 xr ag e 1 cze
015 |a cnb001823461 
020 |a 978-80-7233-293-9  |q (složeno) 
034 1 |a a  |b 20000 
034 1 |a a  |b 150000 
040 |a BOA001  |b cze 
043 |a e-xr---  |b e-xr-pg  |2 czenas 
072 7 |a 913(437)  |x Geografie Česka a Slovenska, reálie, cestování  |2 Konspekt  |9 7 
080 |a 913(437.311)  |2 MRF 
080 |a 912.43:911.375  |2 MRF 
080 |a (084.3)  |2 MRF 
110 2 |a Žaket (vydavatelství)  |7 ko2003167884 
245 1 0 |a Praha  |h [kartografický dokument] :  |b plán města ; Okolí Prahy /  |c zpracovalo kartografické vydavatelství Žaket 
246 3 |a Praha - plán města, 1:20 000 a okolí - 1:150 000 
246 3 |a Praha a okolí 
250 |a 7. vyd. 
255 |a Měřítko 1:20 000 
255 |a Měřítko 1:150 000 
260 |a Praha :  |b Žaket,  |c 2008 
300 |a 2 mapy na 1 listu :  |b obě strany, barev. ;  |c 66 x 97 cm a 65 x 96 cm, složeno na 24 x 13 cm a vlepeno v papírovém přebalu +  |e rejstřík ulic (23 s. ; 23 cm) 
500 |a Doplňková mapa centra Prahy a průjezdní plán Prahy 
500 |a Obsahuje rejstřík 
655 7 |a plány měst  |7 fd133027  |2 czenas 
651 7 |a Praha (Česko : oblast)  |7 ge130513  |2 czenas 
651 7 |a Praha (Česko)  |7 ge118011  |2 czenas 
740 0 2 |a Okolí Prahy 
910 2 |a BOA001  |b Mp2-1213.195 
990 |a MP 
995 |a 60 
991 |b 200811  |c NOV 
996 6 |b 2610359094  |c Mp2-1213.195  |l MZK  |r Sklad / do 1 hodiny  |n 0  |p p.v.  |w 000916778  |u 000010  |a 1  |e BOA001  |j MZK50  |s P